1736 1595 1008 1528 1200 1865 1292 1102 1449 1826 1030 1314 1626 1732 1186 1913 1184 1932 1681 1872 1383 1665 1509 1180 1901 1505 1209 1933 1617 1024 1732 1726 1445 1108 1116 1006 1716 1174 1438 1183 1360 1268 1508 1404 1865 1928 1366 1512 1311 1937 1601 1927 1613 1541 1456 1389 1413 1384 1859 1045 1216 1320 1627 1393 1453 1365 1273 1370 1394 1938 1636 1665 1985 1970 1838 1566 1988 1637 1719 1552 1360 1226 1209 1519 1508 1452 1784 1193 1166 1611 1177 1057 1064 1780 1724 1955 1249 1717 1777 BCNSPRNW ULIB Ver.6.0+V

เปลี่ยนเป็นภาษาไทย

Change to English
 แสดงรายละเอียดบรรณานุกรม
  กลับหน้าหลัก

Brief Record : Get Marc (ISO 2709) : E-mail record : QR code < ปิดหน้าต่าง
LEADER : 00000nam 2200000uu 4500
001    13399128036
003     ULIB
008    220118s2563||||th 000 0 tha d
020    ^a9786164261730
050    ^aQA100^bช424ค
100    ^aชัยรัตน์ มดนาค
245    ^aคณิตศาสตร์ประกันชีวิตเบื้องต้น
250    ^aพิมพ์ครั้งที่ 1
260    ^aพิษณุโลก :^bสำนักพิมพ์มหาวิทยาลัยนเรศวร,^c2563
300    ^a324 หน้า;^b26 ซม.
650    ^aประกันชีวิต
945    ^p380^l0^i29181
999    ^aกัณชพร จุลอักษร
รายการนี้ยังไม่มีแท็ก
คุณยังไม่ได้ล็อกอิน คุณสามารถมีกิจกรรมร่วมกับเว็บไซต์ได้ แต่ต้องล็อกอินก่อน ::
  ล็อกอิน

รายการสื่อสารสนเทศ

ลำดับที่ ประเภท เลขเรียก/บาร์โค้ด สถานที่ สถานะ
1. วิทยาศาสตร์การแพทย์ และสุขภาพ
วิทยาศาสตร์การแพทย์ และสุขภาพ
QA100 ช424ค ฉ.1 
  Barcode: 29181
ห้องสมุดวิทยาเขตนครสวรรค์
►หนังสือทั่วไป:l:General Books
บนชั้น

รายการใกล้เคียง
    ชื่อเรื่อง [คณิตศาสตร์ประกันชีวิตเบื้องต้น]

    หัวเรื่อง [ประกันชีวิต]

BibComment


ยังไม่เคยถูกคอมเมนท์

คอมเมนท์ทรัพยากรรายการนี้
  คอมเมนท์: คณิตศาสตร์ประกัน..


 Copyright 2026. Bcnsprnw @Library